000
00323nam a2200133Ia 4500
008
190723s9999 xx 000 0 und d
020
_a
978-81-315-2494-7
100
_a
Andrew J. Dubrin
245
0
_a
Principles of Leadership
250
_a
7th
260
_a
Andover
_b
Cengage learning
_c
2013
300
_a
534:p
942
_c
BK
999
_c
1522
_d
1522